human body (Record no. 161557)

MARC details
000 -LEADER
fixed length control field 00495nam a22002057a 4500
003 - CONTROL NUMBER IDENTIFIER
control field dpl
005 - DATE AND TIME OF LATEST TRANSACTION
control field 20190225161915.0
008 - FIXED-LENGTH DATA ELEMENTS--GENERAL INFORMATION
fixed length control field 190225b ||||| |||| 00| 0 eng d
010 ## - LIBRARY OF CONGRESS CONTROL NUMBER
LC control number B-229626
020 ## - INTERNATIONAL STANDARD BOOK NUMBER
International Standard Book Number 818385074x
035 ## - SYSTEM CONTROL NUMBER
System control number B-229626
040 ## - CATALOGING SOURCE
Original cataloging agency DPL
Language of cataloging EN
Transcribing agency 0
082 ## - DEWEY DECIMAL CLASSIFICATION NUMBER
Classification number 611
245 ## - TITLE STATEMENT
Title human body
260 ## - PUBLICATION, DISTRIBUTION, ETC. (IMPRINT)
Place of publication, distribution, etc noida
Name of publisher, distributor, etc brijbasi art press ltd
Date of publication, distribution, etc 2006
300 ## - PHYSICAL DESCRIPTION
Extent 46p
Dimensions 26cm
700 ## - ADDED ENTRY--PERSONAL NAME
Personal name edited by kaul, kirti
700 ## - ADDED ENTRY--PERSONAL NAME
Personal name edited by, seth, shreya
942 ## - ADDED ENTRY ELEMENTS (KOHA)
Source of classification or shelving scheme Dewey Decimal Classification
Koha item type Children Books
Call number suffix 611/HUM
Holdings
Withdrawn status Lost status Source of classification or shelving scheme Damaged status Not for loan Collection code Home library Current library Date acquired Source of acquisition Total Checkouts Total Renewals Full call number Barcode Date last seen Date checked out Price effective from Koha item type
    Dewey Decimal Classification     Non-fiction Shahdara Branch Shahdara Branch 25/02/2019 BPPD/PUB 4 3 611/HUM B-229626 22/10/2019 06/10/2019 25/02/2019 Children Books

© Delhi Public Library
Hit Counter
free hit counter